[Event "BCF-chT 2324 (4NCL)"]
[Site "England"]
[Date "2024.01.13"]
[Round "3.3"]
[White "Turner, Matthew"]
[Black "McKay, Roderick M"]
[Result "1-0"]
[WhiteElo "2448"]
[BlackElo "2184"]
[PlyCount "41"]
[EventDate "2023.11.11"]
[EventType "team-tourn"]
[EventRounds "11"]
[EventCountry "ENG"]
[SourceTitle "CB11_2024"]
[SourceDate "2024.03.13"]
[SourceVersion "1"]
[SourceVersionDate "2024.03.13"]
[SourceQuality "1"]
[WhiteTeam "Wood Green"]
[BlackTeam "Alba"]
[WhiteTeamCountry "ENG"]
[BlackTeamCountry "ENG"]

1. Nf3 d6 2. Nc3 e5 3. d4 Nd7 4. e4 c6 5. Bc4 Be7 6. dxe5 Nxe5 7. Nxe5 dxe5 8. Qh5 g6 9. Qxe5 Nf6 10. Bh6 Rg8 11. Rd1 Qb6 12. Be3 Qb4 13. Bb3 Nd7 14. Qc7 Bf6 15. f4 g5 16. 0-0 Bd8 17. Bxf7+ Kxf7 18. Rxd7+ Bxd7 19. Qxd7+ Kg6 20. f5+ Kh6 21. Qe6+ 1-0

[Event "Glasgow op"]
[Site "Glasgow"]
[Date "2023.11.04"]
[Round "3"]
[White "McKay, Roderick M"]
[Black "Ruxton, Keith"]
[Result "1/2-1/2"]
[WhiteElo "2189"]
[BlackElo "2307"]
[PlyCount "63"]
[EventDate "2023.11.03"]
[EventType "swiss"]
[EventRounds "5"]
[EventCountry "SCO"]
[SourceTitle "Mega2024 Update 01"]
[Source "Chessbase"]
[SourceDate "2023.11.12"]
[SourceVersion "1"]
[SourceVersionDate "2023.11.12"]
[SourceQuality "1"]

1. d4 Nf6 2. Nf3 g6 3. Bf4 Bg7 4. e3 0-0 5. h3 d6 6. Be2 b6 7. 0-0 Bb7 8. c4 Nbd7 9. Nc3 Ne4 10. Nxe4 Bxe4 11. Qd2 e5 12. Bh2 Qe7 13. Rac1 Rad8 14. b4 c5 15. bxc5 dxc5 16. d5 Bxf3 17. Bxf3 e4 18. Be2 Be5 19. a4 Bxh2+ 20. Kxh2 Ne5 21. a5 f5 22. axb6 axb6 23. Ra1 g5 24. Qb2 f4 25. Bg4 Nxg4+ 26. hxg4 Rf6 27. f3 Qg7 28. Kg1 fxe3 29. Rae1 exf3 30. Rxe3 Rdf8 31. Rfxf3 Rxf3 32. Qxg7+ 1/2-1/2

[Event "SCO-ch op 128th"]
[Site "Dunfermline"]
[Date "2023.07.09"]
[Round "5"]
[White "McKay, Roderick M"]
[Black "Watson, Jacob"]
[Result "0-1"]
[WhiteElo "2208"]
[BlackElo "1885"]
[PlyCount "118"]
[EventDate "2023.07.07"]
[EventType "swiss"]
[EventRounds "5"]
[EventCountry "SCO"]
[SourceTitle "CBM 215 Extra"]
[Source "ChessBase"]
[SourceDate "2023.09.30"]
[SourceVersion "1"]
[SourceVersionDate "2023.09.30"]
[SourceQuality "1"]

1. d3 d5 2. f4 Nf6 3. Nf3 e6 4. c3 Bc5 5. g3 Nbd7 6. Bg2 0-0 7. d4 Bd6 8. 0-0 Ne4 9. c4 c6 10. Nc3 f5 11. Qb3 Ndf6 12. Ne5 Qc7 13. Be3 Bd7 14. Rac1 Nxc3 15. Rxc3 Rac8 16. Rcc1 Be8 17. Bd2 Qe7 18. a3 Bh5 19. e3 Ne4 20. Bb4 Bxb4 21. Qxb4 Qxb4 22. axb4 Rfd8 23. Rc2 Nd6 24. b3 Ra8 25. b5 Be8 26. bxc6 bxc6 27. Ra1 Rdb8 28. cxd5 cxd5 29. Ra6 Rb6 30. Rca2 Rab8 31. Bf1 Ne4 32. Rxa7 Rxb3 33. Bd3 Bb5 34. Rb7 Be8 35. Rxb8 Rxb8 36. Bxe4 fxe4 37. g4 Rb3 38. Kf2 Kf8 39. h4 Bb5 40. h5 Rb1 41. Ra8+ Ke7 42. Rb8 Kd6 43. Rb7 h6 44. Rxg7 Rf1+ 45. Kg2 Re1 46. g5 Re2+ 47. Kg3 Rxe3+ 48. Kh4 hxg5+ 49. fxg5 Re1 50. g6 e3 51. Nf3 Rf1 52. Rf7 e2 53. g7 Rxf3 54. Rxf3 e1Q+ 55. Rg3 Qe4+ 56. Rg4 Qh1+ 57. Kg5 Qc1+ 58. Kg6 Bd3+ 59. Kf7 Qc7+ 0-1

[Event "BCF-chT2 2223 (4NCL)"]
[Site "England"]
[Date "2023.03.19"]
[Round "8.22"]
[White "McKay, Roderick M"]
[Black "Bradbury, Neil H"]
[Result "1/2-1/2"]
[WhiteElo "2207"]
[BlackElo "2201"]
[PlyCount "52"]
[EventDate "2022.10.22"]
[EventType "team-tourn"]
[EventRounds "11"]
[EventCountry "ENG"]
[SourceTitle "EXT 2024"]
[Source "ChessBase"]
[SourceDate "2023.10.10"]
[SourceVersion "1"]
[SourceVersionDate "2023.10.10"]
[SourceQuality "1"]
[WhiteTeam "Alba"]
[BlackTeam "The ADS"]
[WhiteTeamCountry "ENG"]
[BlackTeamCountry "ENG"]

1. d3 d5 2. f4 Nf6 3. Nf3 g6 4. c3 Bg7 5. Qc2 0-0 6. Na3 c6 7. e4 Na6 8. e5 Nh5 9. Be2 f6 10. d4 fxe5 11. fxe5 Nf4 12. Bxf4 Rxf4 13. 0-0 Nc7 14. g3 Rf8 15. Nh4 Bh3 16. Rxf8+ Qxf8 17. Bf1 Be6 18. Bd3 Bh6 19. Qe2 Qg7 20. Nc2 Rf8 21. Ne3 Bxe3+ 22. Qxe3 g5 23. Ng2 h6 24. Rf1 Rxf1+ 25. Bxf1 Bf5 26. Qf2 Qg6 1/2-1/2

[Event "SCO-ch op 127th"]
[Site "Edinburgh"]
[Date "2022.07.09"]
[Round "8"]
[White "Pritchett, Craig William"]
[Black "McKay, Roderick M"]
[Result "1/2-1/2"]
[WhiteElo "2248"]
[BlackElo "2213"]
[PlyCount "65"]
[EventDate "2022.07.02"]
[EventType "swiss"]
[EventRounds "9"]
[EventCountry "SCO"]
[SourceTitle "CBM 209 Extra"]
[Source "ChessBase"]
[SourceDate "2022.09.30"]
[SourceVersion "1"]
[SourceVersionDate "2022.09.30"]
[SourceQuality "1"]

1. Nf3 d6 2. d4 f5 3. g3 Nf6 4. Bg2 c6 5. 0-0 Qc7 6. c4 e5 7. Nc3 e4 8. Ne1 h5 9. f3 d5 10. cxd5 cxd5 11. fxe4 dxe4 12. Bf4 Qb6 13. Rc1 Na6 14. e3 Bd7 15. Rf2 h4 16. Bf1 hxg3 17. hxg3 Be7 18. Be2 Nb4 19. Rh2 Rxh2 20. Kxh2 Nfd5 21. Nxd5 Nxd5 22. Ng2 g6 23. Qb3 Bc6 24. Qxb6 axb6 25. Bc4 Kd8 26. a3 Rc8 27. Bxd5 Bxd5 28. Rxc8+ Kxc8 29. Be5 Kd7 30. g4 Kc6 31. gxf5 gxf5 32. Kg3 Bg5 33. Nf4 1/2-1/2

[Event "SCO-ch op 127th"]
[Site "Edinburgh"]
[Date "2022.07.04"]
[Round "3"]
[White "Dunnington, Angus J"]
[Black "McKay, Roderick M"]
[Result "1/2-1/2"]
[WhiteElo "2382"]
[BlackElo "2213"]
[PlyCount "41"]
[EventDate "2022.07.02"]
[EventType "swiss"]
[EventRounds "9"]
[EventCountry "SCO"]
[SourceTitle "CBM 209 Extra"]
[Source "ChessBase"]
[SourceDate "2022.09.30"]
[SourceVersion "1"]
[SourceVersionDate "2022.09.30"]
[SourceQuality "1"]

1. d4 d6 2. Nf3 f5 3. Nc3 Nf6 4. Bg5 c6 5. Bxf6 exf6 6. e3 d5 7. Bd3 Bd6 8. Ne2 g6 9. c4 dxc4 10. Bxc4 Nd7 11. Nc3 Nb6 12. Bb3 Qe7 13. 0-0 Bd7 14. a4 a5 15. Rc1 0-0-0 16. Qd2 Bb4 17. Qc2 Be6 18. Na2 Bd5 19. Bxd5 Nxd5 20. Nxb4 Nxb4 21. Qc4 1/2-1/2

[Event "BCF-chT 2122 (4NCL)"]
[Site "England"]
[Date "2022.04.30"]
[Round "7.33"]
[White "Kilpatrick, Callum"]
[Black "McKay, Roderick M"]
[Result "1-0"]
[WhiteElo "2409"]
[BlackElo "2217"]
[PlyCount "81"]
[EventDate "2021.11.27"]
[EventType "team-swiss"]
[EventRounds "11"]
[EventCountry "ENG"]
[SourceTitle "EXT 2023"]
[Source "ChessBase"]
[SourceDate "2022.10.05"]
[SourceVersion "1"]
[SourceVersionDate "2022.10.05"]
[SourceQuality "1"]
[WhiteTeam "Guildford Young Guns"]
[BlackTeam "Alba"]
[WhiteTeamCountry "ENG"]
[BlackTeamCountry "ENG"]

1. e4 d6 2. d4 Nf6 3. Nc3 e5 4. Nf3 Nbd7 5. Bc4 Be7 6. 0-0 h6 7. Re1 c6 8. a4 Qc7 9. b3 Nf8 10. Bb2 Ng6 11. h3 0-0 12. Bf1 Bd7 13. g3 Rfd8 14. Qd3 Be8 15. Bg2 Rac8 16. Nd1 Bf8 17. Ne3 Qb8 18. Nf5 c5 19. dxc5 d5 20. exd5 Rxd5 21. Qe2 e4 22. N3d4 Bxc5 23. c4 Re5 24. Ne3 Bd7 25. Ndc2 Rce8 26. b4 Bxe3 27. Nxe3 Qc8 28. h4 a5 29. b5 Bh3 30. Bh1 Nd7 31. h5 Ngf8 32. Bxe5 Rxe5 33. Rad1 Nc5 34. Rd5 Qe6 35. Rxe5 Qxe5 36. Nd5 f5 37. Nf4 Bg4 38. f3 Qc3 39. Qe3 Nd3 40. Nxd3 exd3 41. fxg4 1-0

[Event "BCF-chT 2122 (4NCL)"]
[Site "England"]
[Date "2022.03.27"]
[Round "6.64"]
[White "McKay, Roderick M"]
[Black "Bates, Richard"]
[Result "1-0"]
[WhiteElo "2211"]
[BlackElo "2369"]
[PlyCount "61"]
[EventDate "2021.11.27"]
[EventType "team-swiss"]
[EventRounds "11"]
[EventCountry "ENG"]
[SourceTitle "EXT 2023"]
[Source "ChessBase"]
[SourceDate "2022.10.05"]
[SourceVersion "1"]
[SourceVersionDate "2022.10.05"]
[SourceQuality "1"]
[WhiteTeam "Alba"]
[BlackTeam "Blackthorne Russia"]
[WhiteTeamCountry "ENG"]
[BlackTeamCountry "ENG"]

1. e4 c5 2. Nf3 d6 3. d4 cxd4 4. Nxd4 Nf6 5. Nc3 a6 6. Bg5 Nc6 7. Qd2 e6 8. 0-0-0 Bd7 9. f3 b5 10. Nxc6 Bxc6 11. Qe1 Be7 12. h4 Qc7 13. Bxf6 Bxf6 14. Nd5 Bxd5 15. exd5 e5 16. g4 0-0 17. g5 Bd8 18. Bd3 g6 19. Kb1 Qc5 20. h5 Ra7 21. Qh4 Qe3 22. hxg6 fxg6 23. Bxg6 hxg6 24. Rde1 Qc5 25. f4 Ba5 26. Ref1 e4 27. f5 Qd4 28. f6 Kf7 29. Qg4 Kg8 30. Qe6+ Raf7 31. Rh6 1-0

[Event "BCF-chT 2122 (4NCL)"]
[Site "England"]
[Date "2022.02.12"]
[Round "3.94"]
[White "Redmond, John P"]
[Black "McKay, Roderick M"]
[Result "1/2-1/2"]
[WhiteElo "2210"]
[BlackElo "2208"]
[PlyCount "70"]
[EventDate "2021.11.27"]
[EventType "team-swiss"]
[EventRounds "11"]
[EventCountry "ENG"]
[SourceTitle "EXT 2023"]
[Source "ChessBase"]
[SourceDate "2022.10.05"]
[SourceVersion "1"]
[SourceVersionDate "2022.10.05"]
[SourceQuality "1"]
[WhiteTeam "West is Best"]
[BlackTeam "Alba"]
[WhiteTeamCountry "ENG"]
[BlackTeamCountry "ENG"]

1. d4 d5 2. c4 c6 3. Nf3 Nf6 4. g3 Bf5 5. Nc3 e6 6. Qb3 Qc8 7. Nh4 Be4 8. f3 Bg6 9. Bg2 Nbd7 10. cxd5 Nxd5 11. e4 Nxc3 12. bxc3 Bh5 13. f4 Be7 14. Nf3 Bg6 15. Nd2 0-0 16. 0-0 Re8 17. Bb2 Rb8 18. Rae1 Bf8 19. Bh3 Nb6 20. c4 f6 21. c5 Na8 22. Nc4 Qd7 23. e5 b6 24. exf6 bxc5 25. Qxb8 Rxb8 26. Bxe6+ Qxe6 27. Rxe6 Bf7 28. f5 Nc7 29. Ne5 Nxe6 30. fxe6 Bxe6 31. f7+ Kh8 32. Ba3 cxd4 33. Nxc6 Ra8 34. Bxf8 Rxf8 35. Nxd4 Bxa2 1/2-1/2

[Event "Newcastle EJCOA 1st"]
[Site "Newcastle on Tyne"]
[Date "2021.10.26"]
[Round "4"]
[White "McKay, Roderick M"]
[Black "Han, Yichen"]
[Result "0-1"]
[WhiteElo "2243"]
[BlackElo "2306"]
[PlyCount "62"]
[EventDate "2021.10.25"]
[EventType "tourn"]
[EventRounds "9"]
[EventCountry "ENG"]
[EventCategory "1"]
[SourceTitle "CBM 204 Extra"]
[Source "ChessBase"]
[SourceDate "2021.11.30"]
[SourceVersion "1"]
[SourceVersionDate "2021.11.30"]
[SourceQuality "1"]

1. d4 d5 2. c4 c6 3. Nf3 Nf6 4. Nc3 e6 5. e3 Nbd7 6. Qc2 Bd6 7. Rg1 e5 8. cxd5 cxd5 9. g4 e4 10. Nd2 Nb6 11. h3 0-0 12. Nb3 a5 13. Bd2 Bd7 14. Nc5 Bc6 15. Nb5 Be7 16. b3 Nbd7 17. Nxd7 Qxd7 18. a4 Rfc8 19. Qd1 Ne8 20. g5 Nd6 21. Nc3 b5 22. axb5 Nxb5 23. Na4 Qa7 24. h4 Bd7 25. h5 Na3 26. Nc3 Bb4 27. Rc1 Qc7 28. Rg3 a4 29. g6 Qa5 30. Bh3 Bxh3 31. Rxh3 Bxc3 0-1

[Event "Newcastle Northumbria Masters IM"]
[Site "Newcastle on Tyne"]
[Date "2021.08.28"]
[Round "4"]
[White "Moreby, James"]
[Black "McKay, Roderick M"]
[Result "0-1"]
[WhiteElo "2283"]
[BlackElo "2258"]
[PlyCount "78"]
[EventDate "2021.08.26"]
[EventType "tourn"]
[EventRounds "9"]
[EventCountry "ENG"]
[EventCategory "2"]
[SourceTitle "CBM 204 Extra"]
[Source "ChessBase"]
[SourceDate "2021.11.30"]
[SourceVersion "1"]
[SourceVersionDate "2021.11.30"]
[SourceQuality "1"]

1. d4 d5 2. c4 c6 3. Nc3 Nf6 4. Nf3 e6 5. Bg5 dxc4 6. e4 b5 7. e5 h6 8. Bh4 g5 9. Nxg5 hxg5 10. Bxg5 Nbd7 11. g3 Qa5 12. exf6 b4 13. Ne4 Ba6 14. Bd2 Nb6 15. a3 Qd5 16. Bg2 c3 17. bxc3 bxa3 18. Bf3 Qf5 19. g4 Qb5 20. Be2 Qd5 21. f3 Bc4 22. Bxc4 Nxc4 23. Qa4 a5 24. Qb3 Qb5 25. Qxb5 cxb5 26. Rb1 b4 27. Ke2 a2 28. Ra1 b3 29. Kd3 Rc8 30. Bc1 a4 31. Nd2 Nxd2 32. Bxd2 Ba3 33. c4 Bb2 34. Rae1 a1Q 35. Rxa1 Bxa1 36. Rxa1 b2 37. Re1 Rxh2 38. d5 a3 39. Bf4 a2 0-1

[Event "Newcastle Northumbria Masters IM"]
[Site "Newcastle on Tyne"]
[Date "2021.08.27"]
[Round "3"]
[White "Claridge Hansen, William"]
[Black "McKay, Roderick M"]
[Result "1-0"]
[WhiteElo "2290"]
[BlackElo "2258"]
[PlyCount "99"]
[EventDate "2021.08.26"]
[EventType "tourn"]
[EventRounds "9"]
[EventCountry "ENG"]
[EventCategory "2"]
[SourceTitle "CBM 204 Extra"]
[Source "ChessBase"]
[SourceDate "2021.11.30"]
[SourceVersion "1"]
[SourceVersionDate "2021.11.30"]
[SourceQuality "1"]

1. c4 e5 2. g3 f5 3. d4 e4 4. h4 c6 5. Nh3 Nf6 6. Nf4 Na6 7. e3 Bd6 8. Nc3 Bxf4 9. gxf4 d6 10. Be2 h5 11. Bd2 Qc7 12. Rb1 Qf7 13. b4 Nc7 14. b5 cxb5 15. Nxb5 Nxb5 16. Rxb5 0-0 17. d5 b6 18. Bc3 Ng4 19. Qd4 Qe7 20. a4 Bd7 21. Rb4 Rf7 22. a5 bxa5 23. Rb7 a4 24. Rxa7 Qd8 25. Bxg4 fxg4 26. Rxa8 Qxa8 27. Qxe4 Bf5 28. Qd4 Qb7 29. 0-0 Re7 30. c5 Re4 31. c6 Qe7 32. Qd2 Qxh4 33. Bd4 Re8 34. f3 gxf3 35. Qh2 Qg4+ 36. Kf2 Qg6 37. Rc1 Bg4 38. c7 Qd3 39. Kg3 Rc8 40. Qh4 Qg6 41. Qg5 Qxg5 42. fxg5 Kf7 43. Rc6 Kg6 44. e4 Kxg5 45. Be3+ Kf6 46. Rxd6+ Ke5 47. Rg6 Kxe4 48. Rxg4+ Kxe3 49. d6 f2 50. Rf4 1-0

[Event "SCO-ch 126th"]
[Site "Edinburgh"]
[Date "2019.07.11"]
[Round "6"]
[White "McKay, Roderick M"]
[Black "Smith, Peter R"]
[Result "1/2-1/2"]
[WhiteElo "2276"]
[BlackElo "2018"]
[PlyCount "84"]
[EventDate "2019.07.06"]
[EventType "swiss"]
[EventRounds "9"]
[EventCountry "SCO"]
[SourceTitle "CBM 191 Extra"]
[Source "ChessBase"]
[SourceDate "2019.09.30"]
[SourceVersion "1"]
[SourceVersionDate "2019.09.30"]
[SourceQuality "1"]

1. f4 b6 2. e4 Bb7 3. d3 e6 4. Nf3 d5 5. e5 c5 6. g3 Ne7 7. Bg2 Nbc6 8. 0-0 Nf5 9. c3 h6 10. Na3 Be7 11. Nc2 Rc8 12. a3 b5 13. Ne3 g6 14. Nxf5 gxf5 15. h4 d4 16. Kh2 Qb6 17. Bd2 Kf8 18. Qe2 Kg7 19. Rfc1 Kg6 20. Be1 dxc3 21. bxc3 a6 22. Bf2 Na5 23. Rab1 Qc7 24. c4 bxc4 25. dxc4 Be4 26. Rb2 Rhd8 27. Ne1 Bxg2 28. Nxg2 Nc6 29. Rcb1 Rb8 30. Qf3 Rxb2 31. Rxb2 Rb8 32. Rxb8 Nxb8 33. Qa8 Kg7 34. Ne1 Qb6 35. Kg1 Nc6 36. Qe8 Bd8 37. Kf1 Nd4 38. Bxd4 cxd4 39. c5 Qa5 40. a4 Bc7 41. Qe7 Qxa4 42. Qxc7 Qc4+ 1/2-1/2

[Event "SCO-ch 126th"]
[Site "Edinburgh"]
[Date "2019.07.10"]
[Round "5"]
[White "Wall, Tim"]
[Black "McKay, Roderick M"]
[Result "1-0"]
[WhiteElo "2246"]
[BlackElo "2276"]
[PlyCount "83"]
[EventDate "2019.07.06"]
[EventType "swiss"]
[EventRounds "9"]
[EventCountry "SCO"]
[SourceTitle "CBM 191 Extra"]
[Source "ChessBase"]
[SourceDate "2019.09.30"]
[SourceVersion "1"]
[SourceVersionDate "2019.09.30"]
[SourceQuality "1"]

1. d4 d6 2. Nf3 f5 3. g3 Nf6 4. Bg2 c6 5. 0-0 Qc7 6. b3 e5 7. dxe5 dxe5 8. Bb2 e4 9. Nd4 Bc5 10. Qd2 0-0 11. b4 Bb6 12. c4 Qf7 13. Qc3 Bc7 14. Nd2 a5 15. a3 Na6 16. N2b3 f4 17. b5 Nb8 18. Nc5 Re8 19. Qc2 Qe7 20. Na4 c5 21. b6 cxd4 22. bxc7 Nc6 23. Nb6 Ra6 24. Nd5 Qe5 25. Nxf4 Qxc7 26. Nd5 Qe5 27. Nxf6+ gxf6 28. e3 Kg7 29. exd4 Nxd4 30. Qa4 Rd8 31. Rab1 Rad6 32. Rfe1 f5 33. Ba1 b6 34. Rb5 Qe8 35. c5 bxc5 36. Qxa5 Kg8 37. Rxc5 Nb3 38. Qc3 Nxa1 39. Qxa1 Qa4 40. Rc7 Qd4 41. Qc1 Ba6 42. Qg5+ 1-0

[Event "BCF-chT1d 1819 (4NCL) Demotion pool"]
[Site "England"]
[Date "2019.05.06"]
[Round "11.55"]
[White "McKay, Roderick M"]
[Black "Horton, Jamie A"]
[Result "1/2-1/2"]
[WhiteElo "2282"]
[BlackElo "2186"]
[PlyCount "33"]
[EventDate "2018.11.10"]
[EventType "team-tourn"]
[EventRounds "4"]
[EventCountry "ENG"]
[SourceTitle "CBM 190 Extra"]
[Source "ChessBase"]
[SourceDate "2019.07.15"]
[SourceVersion "1"]
[SourceVersionDate "2019.07.15"]
[SourceQuality "1"]
[WhiteTeam "Alba"]
[BlackTeam "3CS Oldham"]
[WhiteTeamCountry "ENG"]
[BlackTeamCountry "ENG"]

1. d4 Nf6 2. Nf3 e6 3. a3 d5 4. e3 Be7 5. c4 0-0 6. Nc3 Nbd7 7. Bd3 dxc4 8. Bxc4 c5 9. 0-0 a6 10. Qe2 b5 11. Ba2 Bb7 12. Rd1 Qc7 13. dxc5 Nxc5 14. Nd4 Rac8 15. Bd2 Qb6 16. Be1 Rfd8 17. b4 1/2-1/2

[Event "BCF-chT1a 1819 (4NCL)"]
[Site "England"]
[Date "2019.02.09"]
[Round "5.43"]
[White "McKay, Roderick M"]
[Black "D'Costa, Lorin AR"]
[Result "1-0"]
[WhiteElo "2309"]
[BlackElo "2390"]
[PlyCount "65"]
[EventDate "2018.11.10"]
[EventType "team-tourn"]
[EventRounds "7"]
[EventCountry "ENG"]
[SourceTitle "CBM 188 Extra"]
[Source "ChessBase"]
[SourceDate "2019.02.26"]
[SourceVersion "1"]
[SourceVersionDate "2019.02.26"]
[SourceQuality "1"]
[WhiteTeam "Alba"]
[BlackTeam "Barbican"]
[WhiteTeamCountry "ENG"]
[BlackTeamCountry "ENG"]

1. d4 Nf6 2. Nf3 e6 3. a3 b6 4. Bg5 Bb7 5. Nbd2 h6 6. Bxf6 Qxf6 7. e3 g6 8. Bd3 Bg7 9. Qe2 Qe7 10. c3 d6 11. h4 a6 12. 0-0-0 Nd7 13. Be4 c6 14. Bc2 b5 15. e4 c5 16. Nb3 Rc8 17. dxc5 dxc5 18. h5 g5 19. e5 Bd5 20. Rhe1 Nb6 21. Nbd2 Nc4 22. Nxc4 Bxc4 23. Qe3 b4 24. Qe4 Bb5 25. Rd6 bxa3 26. bxa3 Qc7 27. Red1 Ke7 28. Qg4 Rhd8 29. Nxg5 Bxe5 30. Rxe6+ fxe6 31. Qxe6+ Kf8 32. Qxh6+ Ke7 33. Qh7+ 1-0

[Event "SCO-ch 125th"]
[Site "Paisley"]
[Date "2018.07.15"]
[Round "9"]
[White "Abdulla, Murad"]
[Black "McKay, Roderick M"]
[Result "1-0"]
[WhiteElo "2281"]
[BlackElo "2322"]
[PlyCount "67"]
[EventDate "2018.07.07"]
[EventType "swiss"]
[EventRounds "9"]
[EventCountry "SCO"]
[SourceTitle "CBM 185 Extra"]
[Source "ChessBase"]
[SourceDate "2018.07.29"]
[SourceVersion "1"]
[SourceVersionDate "2018.07.29"]
[SourceQuality "1"]

1. e4 c5 2. Nf3 Nc6 3. d4 cxd4 4. Nxd4 Nf6 5. Nc3 e5 6. Ndb5 d6 7. Bg5 a6 8. Na3 b5 9. Nd5 Be7 10. Bxf6 Bxf6 11. c4 b4 12. Nc2 Rb8 13. b3 g6 14. g3 Bg7 15. Bg2 0-0 16. 0-0 f5 17. exf5 gxf5 18. Qh5 a5 19. Rad1 Bd7 20. Nde3 Qf6 21. f4 exf4 22. Rxf4 Ne7 23. Rfd4 Be8 24. Qf3 Ng6 25. Rxd6 Qb2 26. R6d2 f4 27. Nd4 Qc3 28. Nef5 fxg3 29. Qxg3 Be5 30. Qg4 Bd7 31. Ne7+ Kf7 32. Qxd7 Rbd8 33. Qe6+ Kg7 34. Ndf5+ 1-0

[Event "SCO-ch 125th"]
[Site "Paisley"]
[Date "2018.07.12"]
[Round "6"]
[White "Green, Andrew"]
[Black "McKay, Roderick M"]
[Result "1/2-1/2"]
[WhiteElo "2074"]
[BlackElo "2322"]
[PlyCount "55"]
[EventDate "2018.07.07"]
[EventType "swiss"]
[EventRounds "9"]
[EventCountry "SCO"]
[SourceTitle "CBM 185 Extra"]
[Source "ChessBase"]
[SourceDate "2018.07.29"]
[SourceVersion "1"]
[SourceVersionDate "2018.07.29"]
[SourceQuality "1"]

1. d4 d5 2. Bf4 Nf6 3. e3 e6 4. Nd2 b6 5. Bd3 Bb7 6. Ngf3 Be7 7. Ne5 0-0 8. Qf3 c5 9. c3 cxd4 10. exd4 Nbd7 11. 0-0 Nxe5 12. Bxe5 Nd7 13. Qh3 g6 14. Bf4 a5 15. Rfe1 Ba6 16. Bxa6 Rxa6 17. a4 Ra7 18. Nf3 Bf6 19. Qg3 Bg7 20. h4 Nf6 21. Ne5 Qc8 22. Qe3 Re8 23. f3 Rb7 24. g4 Nd7 25. Re2 Bxe5 26. Bxe5 f6 27. Bg3 Nf8 28. Kg2 1/2-1/2

[Event "SCO-ch 125th"]
[Site "Paisley"]
[Date "2018.07.11"]
[Round "5"]
[White "Jelfs, Alan"]
[Black "McKay, Roderick M"]
[Result "0-1"]
[WhiteElo "1853"]
[BlackElo "2322"]
[PlyCount "52"]
[EventDate "2018.07.07"]
[EventType "swiss"]
[EventRounds "9"]
[EventCountry "SCO"]
[SourceTitle "CBM 185 Extra"]
[Source "ChessBase"]
[SourceDate "2018.07.29"]
[SourceVersion "1"]
[SourceVersionDate "2018.07.29"]
[SourceQuality "1"]

1. d4 d6 2. b3 f5 3. Nf3 Nf6 4. g3 g6 5. Bg2 Bg7 6. Bb2 0-0 7. 0-0 a5 8. Nbd2 Nc6 9. c4 Nh5 10. d5 Bxb2 11. Rb1 Bg7 12. dxc6 bxc6 13. Ng5 Ra6 14. Ndf3 e5 15. Nh3 f4 16. Nfg5 h6 17. Nf3 g5 18. Ne1 g4 19. Nxf4 exf4 20. Bxc6 Kh8 21. Bb5 Rb6 22. Qd2 Qf6 23. Nd3 Bf5 24. Qxa5 fxg3 25. hxg3 Qd4 26. e3 Qxd3 0-1